000 01597nas a2200385 c 4500
001 295510
003 BLK
005 20250527104820.0
008 180413b bul rap|r|||| |0| c1bulo|
010 _aPRD00005651000
022 _a0032-9371
040 _aBLK
041 _aBUL
_cBUL
080 _aОбща теория на изкуството. Естетика на изкуството
_b7.01
_z7.01
222 _aПроблеми на изкуството
245 1 0 _aПроблеми на изкуството
_bтримес. списание за теория, история и критика на изкуството
_cИнст. за изследване на изкуствата при БАН ; Ред. кол.:Александър Донев - глав. ред. и др
257 _aBGR
260 _aСофия
_bИнст. за изследване на изкуствата при БАН
_c1968
_fСофия : БАН
_9489353
300 _c28 см
362 _aГод. 1, № 1 (1968) -
380 _a7
650 4 _aИзкуство - теория
_9264929
650 7 _aИзкуство - история
_2
_9156375
710 _9357012
_aИнст. за изследване на изкуствата при БАН
852 _aА 1868
856 _qpdf
_u
856 _qpdf
_u
942 _cJOU
_n0
_s1
_018
944 _aCR
_cЛюбомир_Делиганев
_k30535
_lХристина Везирева
944 _aED
_cВиолета_Тройчева
_k08.04.2018
999 _c295510
_d295510
999 _d295510
999 _d295510
999 _d295510
999 _d295510